000 00776nam a2200253 i 4500
003 DO-SdBNP
005 20250204110420.0
007 ta
008 240201b2023 dr ||||| |||| 00| 0 spa d
020 _a9789945182231
040 _aDO-SdBNP
_bspa
_cBNPHU
_erda
082 4 _222
100 1 _aCruz, Santiago de la,
_d1961-
_eautor
_975112
245 1 0 _aDiccionario del dominicano /
_cSantiago de la Cruz ; prólogo Leida Pérez
264 _aSanto Domingo :
_bImpresiones Vizcaino,
_c2023.
300 _a268 páginas ;
_c21 cm.
336 _2rdacontent
_atexto
_btxt
337 _2rdamedia
_asin mediación
_bn
338 _2rdacarrier
_avolumen
_bnc
590 _aInventariado, 2024/BT
700 _aPérez, Leida,
_eprólogo
_984829
910 _aBtavárez
942 _2ddc
_cLBS1
999 _c55759
_d55759